Mass Effect- All Squadmates - Statistics

General Stats
  • This quiz has been taken 602 times
    588 since last reset
  • The average score is 23 of 30
Answer Stats
Hint Answer % Correct
Turian Ex-Police Officer Garrus Vakarian
99%
Quarian Scientist Adm. Tali'Zorah vas Normandy
98%
Asari Archaeologist Dr. Liara T'Soni
98%
Virmire Survivor Lt. Ashley Williams/Maj. Kaidan Alenko
98%
Quarian Mechanic Tali'Zorah vas Neema
98%
Krogan Bodyguard Urdnot Wrex
98%
Alliance Sniper Sgt. Ashley Williams
96%
Cerberus Biotic Opr. Miranda Lawson
95%
Biotic Convict Jack Nought
94%
Krogan Tank-Bred Urdnot Grunt
94%
Geth Sniper Legion
93%
Cerberus Soldier Opr. Jacob Taylor
92%
Salarian Doctor Dr. Mordin Solus
91%
Asari Justicar Samara
90%
Alliance Soldier Lt. Kaidan Alenko
88%
AI Robot EDI
86%
Drell Assassin Thane Krios
86%
Human Thief Kasumi Goto
84%
Ardat-Yakshi Morinth
81%
Human Mercenary Zaeed Massani
81%
Prothean Commander Javik
80%
Alliance Soldier Lt. James Vega
80%
Asari Queen Aria T'Loak
58%
Asari Adventurer Pelessaria B'Sayle/Peebee
53%
Human Biotic Spc. Cora Harper
48%
Human Security Chief Sec Sp. Liam Kosta
45%
Turian Smuggler Vetra Nyx
39%
Angara Resistance Fighter Jaal Ama Darav
37%
Krogan Veteran Nakmor Drack
33%
Turian Gang Leader Nyreen Kandros
32%
No matching quizzes found
Score Distribution
Percent of People with Each Score
Percentile by Number Answered
Your Score History
You have not taken this quiz since the last reset